Zdobywcy Złotej Piłki! - Statystyki

Ogólne statystyki
  • Ten quiz został rozwiązany 353 razy
    324 od ostatniego zresetowania
  • Średni wynik to 33 z 64
Statystyki odpowiedzi
Narodowość Rok Zawodnik % Poprawnych
Brazylia 1997 Ronaldo
99%
Brazylia 2002 Ronaldo
99%
Portugalia 2008 Ronaldo
99%
Portugalia 2013 Ronaldo
99%
Portugalia 2014 Ronaldo
99%
Portugalia 2016 Ronaldo
99%
Portugalia 2017 Ronaldo
99%
Argentyna 2009 Messi
98%
Argentyna 2010 Messi
98%
Argentyna 2011 Messi
98%
Argentyna 2012 Messi
98%
Argentyna 2015 Messi
98%
Argentyna 2019 Messi
98%
Chorwacja 2018 Modric
93%
Brazylia 2005 Ronaldinho
79%
Brazylia 2007 Kaka
74%
Francja 1998 Zidane
69%
Włochy 2006 Cannavaro
67%
Portugalia 2000 Figo
65%
Czechy 2003 Nedved
63%
Ukraina 2004 Szewczenko
59%
Brazylia 1999 Rivaldo
55%
Anglia 2001 Owen
52%
Holandia 1988 van Basten
51%
Holandia 1989 van Basten
51%
Holandia 1992 van Basten
51%
Holandia 1987 Gullit
49%
Holandia 1971 Cruyff
48%
Holandia 1973 Cruyff
48%
Holandia 1974 Cruyff
48%
Hiszpania 1957 Di Stefano
46%
Hiszpania 1959 Di Stefano
46%
RFN 1970 Muller
46%
Francja 1983 Platini
46%
Francja 1984 Platini
46%
Francja 1985 Platini
46%
Liberia 1995 Weah
46%
ZSRR 1963 Jaszyn
45%
RFN 1972 Beckenbauer
44%
RFN 1976 Beckenbauer
44%
Irlandia Północna 1968 Best
44%
Portugalia 1965 Eusebio
43%
Bułgaria 1994 Stoiczkow
40%
Niemcy 1990 Matthaus
37%
Włochy 1993 Baggio
36%
Anglia 1966 Charlton
30%
Hiszpania 1960 Suarez
27%
Francja 1991 Papin
25%
Francja 1958 Kopa
22%
Włochy 1982 Rossi
20%
Niemcy 1996 Sammer
20%
Anglia 1956 Matthews
17%
RFN 1980 Rummenigge
17%
RFN 1981 Rummenigge
17%
ZSRR 1975 Błochin
16%
Anglia 1978 Keegan
14%
Anglia 1979 Keegan
14%
Szkocja 1964 Law
13%
Czechosłowacja 1962 Masopust
13%
ZSRR 1986 Biełanow
12%
Dania 1977 Simonsen
11%
Węgry 1967 Albert
10%
Włochy 1969 Rivera
10%
Włochy 1961 Sivori
9%
Nie znaleziono quizów pasujących do podanych kryteriów
Rozkład punktacji
Procent ludzi z każdym wynikiem
Percentyl według liczby udzielonych odpowiedzi
Twoja historia wyników
Nie rozwiązałeś tego quizu od ostatniego zresetowania